| 000 | 01415nam a2200349Ia 4500 | ||
|---|---|---|---|
| 001 | ebr10194083 | ||
| 003 | CaPaEBR | ||
| 006 | m u | ||
| 007 | cr cn||||||||| | ||
| 008 | 070103s2007 nyu sb 001 0 eng d | ||
| 010 | _z 2007060005 | ||
| 020 | _z140397800X | ||
| 020 | _z9781403978004 | ||
| 040 |
_aCaPaEBR _cCaPaEBR |
||
| 035 | _a(OCoLC)560442851 | ||
| 050 | 1 | 4 |
_aPS217.S65 _bB46 2007eb |
| 100 | 1 | _aBennett, Bridget. | |
| 245 | 1 | 0 |
_aTransatlantic spiritualism and nineteenth-century American literature _h[electronic resource] / _cBridget Bennett. |
| 250 | _a1st ed. | ||
| 260 |
_aNew York : _bPalgrave Macmillan, _c2007. |
||
| 300 | _ax, 247 p. | ||
| 504 | _aIncludes bibliographical references and index. | ||
| 533 |
_aElectronic reproduction. _bPalo Alto, Calif. : _cebrary, _d2009. _nAvailable via World Wide Web. _nAccess may be limited to ebrary affiliated libraries. |
||
| 650 | 0 | _aSpiritualism in literature. | |
| 650 | 0 |
_aAmerican literature _y19th century _xHistory and criticism. |
|
| 650 | 0 |
_aSpiritualism _zUnited States _xHistory _y19th century. |
|
| 650 | 0 |
_aLiterature and spiritualism _zUnited States _xHistory _y19th century. |
|
| 650 | 0 | _aOccultism in literature. | |
| 655 | 7 |
_aElectronic books. _2local |
|
| 710 | 2 | _aebrary, Inc. | |
| 856 | 4 | 0 |
_uhttp://site.ebrary.com/lib/rucke/Doc?id=10194083 _zAn electronic book accessible through the World Wide Web; click to view |
| 999 |
_c221248 _d221248 |
||